Statistics for Biggest Cities in India Quiz

Click here to take the quiz!

General Stats

  • This quiz has been taken 50 times
  • The average score is 13 of 20

Answer Stats

Population City % Correct
28.4 milDelhi
100%
24.2 milMumbai
100%
16.4 milKolkata
94%
10.7 milChennai
91%
11.5 milBangalore
84%
9.60 milHyderabad
78%
8.00 milAhmedabad
75%
3.75 milJaipur
69%
3.53 milLucknow
69%
6.50 milPune
69%
6.30 milSurat
63%
2.18 milAgra
63%
3.03 milIndore
56%
2.30 milBhopal
56%
3.38 milKanpur
47%
3.15 milNagpur
47%
2.58 milPatna
47%
2.73 milBhilai
34%
2.20 milChandigarh
34%
2.58 milCoimbatore
25%

Score Distribution

Percentile by Number Answered

Percent of People with Each Score

Your Score History

You have not taken this quiz